000 00528nam a2200157 i 4500
001 57217
003 ES-MaACL
007 t|
008 031015s1954 fr ||||1| fre d
100 1 _aDonzelot, E.
_945353
245 1 0 _aTraité des cardiopaltries congénitales /
_csus la direction de E. Donzelot, F. D'Allaines.
260 _aParís :
_bMasson,
_c1954 (
_eLaval :
_fBarnéoud Fréres)
300 _aVIII, 1116 p., 4 lám. :
_bil., gráf. ;
_c28 cm.
700 1 _aD'Allaines, F.
_942339
852 _aES-MaACL
_jC-9164
_bR.37293
999 _c57217
_d57217